00399nam a22001097a 4500008004100000020001500041050002400056245013300080260002900213300001000242650003700252220928b |||||||| |||| 00| 0 eng d a1433558572 aBS511.3b.S35 2018  aScripture and the People of God:bEssays in Honor of Wayne Grudem/cedited by John DelHousaye, John J. Hughes & Jeff T. Purswell aIllinoisbCrosswayc2018 a384p. aBiblevcriticismxinterpretation